000 01089cam a2200301 4500
001 ##L135205
008 061004n2006 000 0 eng u
020 _a0852725426
035 _a(Sirsi) u135205
041 0 _aeng
050 0 4 _a338.20212 $2 18
110 2 _aBritish Geological Survey
_91581
245 0 0 _aUnited Kingdom minerals yearbook 2005
260 _aKeyworth
_bBritish Geological Survey
_c2006
300 _avi, 102p.
_c30cm.
350 _a25
520 _aThis annual publication provides comprehensive statistical data on minerals production, consumption and trade to 2004, provisional figures for the production of major mineral commodities in 2004, and a commentary on the UK minerals industry during that year. Contains maps, graphs and tables.
590 _aIKA171006
651 4 _aUnited Kingdom
_y
690 _aPROPERTY-RURAL AND NATURAL ASSETS-MINERAL RESOURCES
700 1 _aTaylor, L. E.
700 1 _aBrown, T. J.
700 1 _aLusty, P. A. J.
700 1 _aHitchen, K.
700 1 _aColman, T. B.
700 1 _aHighley, D. E.
942 _n0
999 _c105948
_d105948